书目信息 |
| 题名: |
中国经济运行风险指数
|
|
| 作者: | 唐海燕 , 贾德奎 著 | |
| 分册: | 2011年第四季度 | |
| 出版信息: | 上海 上海人民出版社 2012 |
|
| 页数: | 87页 | |
| 开本: | 24cm | |
| 丛书名: | ||
| 单 册: | ||
| 中图分类: | F123.16 | |
| 科图分类: | ||
| 主题词: | 经济运行--风险管理--研究报告--中国--2011 , 经济运行 , 风险管理 | |
| 电子资源: | ||
| ISBN: | 978-7-208-10526-3 | |
| 000 | 01134nam0 2200289 450 | |
| 001 | 524 | |
| 005 | 20140908151703.54 | |
| 010 | @a978-7-208-10526-3@dCNY25.00 | |
| 100 | @a20120426d2012 em y0chiy50 ea | |
| 101 | 0 | @achi@eeng |
| 102 | @aCN@b310000 | |
| 105 | @ay z 000yy | |
| 106 | @ar | |
| 200 | 1 | @a中国经济运行风险指数@AZhong Guo Jing Ji Yun Xing Feng Xian Zhi Shu@h2011年第四季度@H2011 Nian Di Si Ji Du@dChina's risk index of economic operation@hQuarter four, 2011@f唐海燕,贾德奎等著@FTang Hai Yan, Jia De Kui Deng Zhu@zeng |
| 210 | @a上海@c上海人民出版社@d2012 | |
| 215 | @a87页@d24cm | |
| 300 | @a中国立信风险管理研究院 | |
| 330 | @a本书内容包括:国内外经济运行态势及主要热点、经济运行风险指数、经济运行态势预测及宏观调控政策前瞻。 | |
| 510 | 1 | @aChina's risk index of economic operation@hQuarter four, 2011@zeng |
| 606 | 0 | @a经济运行@x风险管理@x研究报告@y中国@z2011 |
| 606 | 0 | @a经济运行 |
| 606 | 0 | @a风险管理 |
| 690 | @aF123.16@v5 | |
| 701 | 0 | @a唐海燕@ATang Hai Yan@f(1962~)@4著 |
| 701 | 0 | @a贾德奎@AJia De Kui@f(1978~)@4著 |
| 801 | 0 | @aCN@bTANGWEI@c20140603 |
| 905 | @b0838516-18@dF123.16@e246@f3 | |
| 中国经济运行风险指数.2011年第四季度=China's risk index of economic operation.Quarter four, 2011/唐海燕,贾德奎等著.-上海:上海人民出版社,2012 |
| 87页;24cm |
| 中国立信风险管理研究院 |
| ISBN 978-7-208-10526-3:CNY25.00 |
| 本书内容包括:国内外经济运行态势及主要热点、经济运行风险指数、经济运行态势预测及宏观调控政策前瞻。 |
| ● |
| 相关链接 |
|
|
|
|
正题名:中国经济运行风险指数
索取号:F123.16/246
 
预约/预借
| 序号 | 登录号 | 条形码 | 馆藏地/架位号 | 状态 | 备注 |
| 1 | 0838516 | 208385166 | 第一样本阅览室/ [索取号:F123.16/246] | 在馆 | |
| 2 | 0838517 | 208385175 | 密集书库-海洋学院/ [索取号:F123.16/246] | 在馆 | |
| 3 | 0838518 | 208385184 | 第一借阅区/ [索取号:F123.16/246] | 在馆 |